| 000 | 01447nam a22002417a 4500 | ||
|---|---|---|---|
| 003 | Uzh_bibl | ||
| 008 | 260525b |||||||| |||| 00| 0 ukr d | ||
| 020 |
_a978-0-00-787476-7 _c100.00 |
||
| 040 | _bукр. | ||
| 041 |
_2eng _aeng |
||
| 080 | _a821(410) | ||
| 090 |
_a821(410) _bМ 83 |
||
| 100 | _a Morpurgo, Michael | ||
| 245 |
_aToro! Toro! _hText _cil.Michael Foreman |
||
| 260 |
_aLondon _bHarperCollins Publishers _c2001 |
||
| 300 | _a128 s. | ||
| 520 | _aA moving tale set during the Spanish Civil War, about the bond between a little boy and his bull, and their escape from a terrifying fate. ‘Once again, Morpurgo demonstrates his talent for stories of absolute clarity about big events’ Sunday Times Surrounded by animals on a farm in the Spanish countryside, Antonito’s life is simple but sublime. He and his calf, Paco are inseparable, and the future is an unknown possibility. That is until Antonito sees with his own eyes what happens to bulls in the bullring and resolves to escape with Paco to the hills. But Paco’s is not the only brutal fate they must run from. As civil war engulfs Spain, planes and soldiers arrive, and their bombs and guns may destroy Antonito’s whole world … | ||
| 521 | _aДля підлітків | ||
| 525 | _aДля старшого шкільного віку | ||
| 546 | _aукр. | ||
| 650 | _aЛітературно-художне видання | ||
| 942 |
_2udc _cBK |
||
| 999 |
_c17947 _d17947 |
||